000 00736nam a22001937a 4500
003 OSt
005 20140310182142.0
008 130829t xxu||||| |||| 00| 0 eng d
050 _aDS 689.B2
_b.C47 1997
082 _aHS 959.9
_bC42 1997
100 _aCheng, Charles L.; Bersamira, Katherine
_915330
245 _aThe ethnic Chinese in Baguio and in the Cordillera Philippines :
_bthe untold story of pioneers /
_cCharles L. Cheng, Katherine Bersamira.
260 _aBaguio City :
_bUnique Printing Press,
_cc1997.
300 _a377 p. ;
_bill. ;
_c23 cm.
650 _aChinese
_xPhilippines
_xBaguio
_xHistory
_915331
650 _aChinese--
_xPhilippines
_xCordillera Administrative Region
_xHistory
_915332
942 _2lcc
999 _c9863
_d9863